Statistics for Largest Countries (population) in each section of longitude

Click here to take the quiz!

General Stats

  • This quiz has been taken 49 times
  • The average score is 23 of 24

Answer Stats

Hint Answer % Correct
105-90W | 120-105W | 135-120W | +6 othersUSA
100%
45-30W | 60-45WBrazil
100%
105-120E | 120-135E | 60-75E | +2 othersChina
100%
135-150E | 15-30E | 150-165E | +2 othersRussia
98%
0-15ENigeria
71%
15W-0France
69%
30-15WSenegal
36%

Score Distribution

Percentile by Number Answered

Percent of People with Each Score

Your Score History

You have not taken this quiz